| Поле | Инд. | ПП | Название | Значение |
|---|---|---|---|---|
| Тип записи | a | |||
| Библиографический уровень | a | |||
| 001 | Контрольный номер | 205771dafaa6426e993712a65f0abdf0 | ||
| 005 | Дата корректировки | 20190403141528.2 | ||
| 100 | a | Данные общей обработки | 20190403 ||| 0rusy0189 ca | |
| 101 | 0_ | a | Язык текста | rus |
| 102 | a | Страна публикации | RU | |
| 200 | 1_ | f | Первые сведения об ответственности | Д.В. Алонцева |
| a | Заглавие | Идея теократической государственности в государственно-правовых взглядах Е.Н. Трубецкого | ||
| b | Общее обозначение материала | Текст | ||
| 210 | 1_ | d | Дата издания | 2019 |
| 461 | _0 | 1 | 2000 | |
| a | История государства и права | |||
| 463 | _0 | 1 | 2000 | |
| a | № 2 | |||
| v | С. 76-80 | |||
| 1 | 2101 | |||
| d | 2019 | |||
| 1 | 0014e5f087a55f44b29940dd818fe0cce06 | |||
| 606 | a | Основная рубрика | История государства и права | |
| 610 | 0_ | a | Ключевые слова | ИСТОРИЯ ПОЛИТИЧЕСКИХ И ПРАВОВЫХ УЧЕНИЙ |
| a | Ключевые слова | ГОСУДАРСТВО | ||
| a | Ключевые слова | ГОСУДАРСТВО И РЕЛИГИЯ | ||
| 700 | _1 | a | Фамилия | Алонцева |
| b | Имя | Д.В. | ||
| 801 | _0 | a | Страна | RU |
| b | Организация | РГУП | ||
| c | Дата составления | 20190403 | ||
| g | Правила каталогизации | PSBO | ||
| 801 | _1 | a | Страна | RU |
| b | Организация | РГУП | ||
| c | Дата составления | 20190403 | ||
| g | Правила каталогизации | PSBO | ||
| 901 | t | Тип документа | b | |
| w | Контрольный № источника | 4e5f087a55f44b29940dd818fe0cce06 | ||
| 905 | a | Дата ввода | 20190403 |